Logo BPK

Biblioteka

Politechniki Koszalińskiej

Introduction to communication studies / (Rekord nr 50156)

Szczegóły MARC
000 -ETYKIETA REKORDU
podpole kontrolne o stałej długości 00805nam a2200265 i 4500
001 - NUMER KONTROLNY REKORDU
pole kontrolne bgj
020 ## - MIĘDZYNARODOWY ZNORMALIZOWANY NUMER KSIĄŻKI - ISBN
ISBN 0415046726 (pbk)
040 ## - ŹRÓDŁO KATALOGOWANIA
Instytucja, która utworzyła rekord BPK
041 0# - KOD JĘZYKA
Kod języka tekstu eng
920 ## - Międzynarodowy znormalizowany numer książki – ISBN
ISBN 0-415-04672-6 (pbk)
008 - POLE O STAŁEJ DŁUGOŚCI - DANE KONTROLNE
podpole kontrolne o stałej długości s uk f |000 0 eng
100 1# - NAZWA OSOBOWA
Nazwa osobowa FISKE, John
245 10 - TYTUŁ/ODPOWIEDZIALNOŚĆ
Tytuł Introduction to communication studies /
Pozostałe elementy strefy tytułu i oznaczenia odpowiedzialności John Fiske.
250 ## - STREFA WYDANIA
Oznaczenie wydania 2nd ed.
-- [repr].
260 ## - STREFA ADRESU WYDAWNICZEGO
Miejsce wydania London and New York :
Nazwa wydawcy/dystrybutora Routledge,
Data publikacji, dystrybucji/powstania dokumentu 1997.
300 ## - STREFA OPISU FIZYCZNEGO
Objętość XVI, 203 pp :
Inne cechy fizyczne fig., plates ;
Rozmiary 22 cm.
490 1# - STREFA SERII I DOKUMENTU WIELOCZĘŚCIOWEGO - FORMA NIE DO WYSZUKIWANIA
Tytuł i oznaczenie odpowiedzialności serii Studies in culture and communication / John Fiske, gen ed.
500 ## - UWAGI OGÓLNE
Tekst uwagi 2nd ed. publ. 1990.
504 ## - UWAGA DOTYCZĄCA BIBLIOGRAFII
Informacje o bibliografii Bibliography pp 196-199.
505 ## - SFORMALIZOWANA UWAGA DOTYCZĄCA ZAWARTOŚCI
Pełny tekst uwagi Incl. index.
650 #9 - HASŁO PRZEDMIOTOWE W FORMIE NAZWY OGÓLNEJ LUB JEDNOSTKOWEJ
Nazwa ogólna lub geograficzna Communication
650 #9 - HASŁO PRZEDMIOTOWE W FORMIE NAZWY OGÓLNEJ LUB JEDNOSTKOWEJ
Nazwa ogólna lub geograficzna Semiotics
830 #0 - HASŁO DODATKOWE SERII LUB DOKUMENTU WIELOCZĘŚCIOWEGO - TYTUŁ UJEDNOLICONY
Tytuł ujednolicony Studies in culture and communication (John Fiske, gen ed.)
856 ## - LOKALIZACJA I DOSTĘP DO ELEKTRONICZNYCH DOKUMENTÓW ZDALNYCH
Link (URL) http://koha.tu.koszalin.pl/cgi-bin/koha/opac-detail.pl?biblionumber=50156
Tekst linku Katalog online BPK
942 ## - DODATKOWE ELEMENTY (KOHA)
Typ dokumentu Książka
Egzemplarze
Wycofany Status egzemplarza Uszkodzony Dostępność Lokalizacja stała Lokalizacja bieżąca Miejsce przechowywania Sygnatura Kod kreskowy Typ dokumentu
      Dostępny Biblioteka Politechniki Koszalińskiej Biblioteka Politechniki Koszalińskiej Wypożyczalnia Językowa BR 56 09000988 Książka
© 2023 Biblioteka Politechniki Koszalińskiej :: KOHA